000 00466nam a22001817a 4500
003 MPLRDC
005 20220104191957.0
008 210129b ||||| |||| 00| 0 eng d
020 _a978-7-122-14581-9
082 _a848.2 LY-62
100 _a刘墉、刘轩
245 _a因为是亲人,我才告诉你
_c
250 _a一版一刷
260 _a中国
_b化学工业出版社
_c2012
300 _b
650 _a现代别集
942 _cBK
_o848.2 LY-62
999 _c64499
_d64489